| 000 | 00560nam a2200229Ia 4500 | ||
|---|---|---|---|
| 003 | IT-RoPAU | ||
| 008 | 120407s9999 xx 000 0 und d | ||
| 040 | _aIT-RoPAU | ||
| 040 | _cIT-RoPAU | ||
| 041 | _aita | ||
| 245 | _aFrammenti di contemplazione dall’Antico e dal Nuovo Testamento. Riflessioni tra poesia e preghiera. | ||
| 250 | _aMilano | ||
| 260 | _aEdizioni Paoline | ||
| 260 | _c1993 | ||
| 300 | _a108 p. | ||
| 300 | _c20 cm | ||
| 490 | _aPreghiere | ||
| 490 | _v14 | ||
| 710 | _aUna monaca di clausura | ||
| 942 | _cBK | ||
| 999 |
_c24281 _d24281 |
||